000 00336nam a22001457a 4500
008 250423b ||||| |||| 00| 0 eng d
020 _a9780745642819
041 _aeng
080 _22013
_a612GUP
082 _2612GUP
_a612GUP
100 _a16
101 _aBIOTEKLONOGJI
245 _aFOOD SOCIETY
_cAMY E.GUPTILL
942 _2udc
_cBK
999 _c60689
_d60689